| 000 | 00566nam a22001937a 4500 | ||
|---|---|---|---|
| 003 | CEME | ||
| 005 | 20210628203214.0 | ||
| 008 | 210122b xxu||||| |||| 00| 0 eng d | ||
| 020 | _a0-471-35726-X | ||
| 040 | _c. | ||
| 082 | _a643.12 CUM | ||
| 100 |
_aCummins, Joseph Eamon _963963 |
||
| 245 | _aNot one dollar more, how to save $3,000 to $30,000 buying your next home | ||
| 250 | _a2ND | ||
| 260 |
_aNEW YORK _bJOHN WILEY _c1999 |
||
| 300 | _aXV,286 P | ||
| 650 |
_aHOUSE BUYING UNITED STATES, NEGOTIATION IN BUSINESS UNITED STATES _963964 |
||
| 942 |
_cBK _2ddc |
||
| 999 |
_c572636 _d572636 |
||